| 000 | 00459nam a2200109Ia 4500 | ||
|---|---|---|---|
| 008 | 220204s9999 xx 000 0 und d | ||
| 082 |
_a633(06)2019 _bPLA.23 |
||
| 245 | 0 | _aClimate resilient technologies for sustainability of plantation crops: PLACROSYM XXIII: Book of abstracts, 6-8 March 2019, Central Coffee Research Institute, Chikkamagaluru, Karnataka, India | |
| 260 |
_aKarnataka _bCentral Coffee Research Institute _c2019 |
||
| 300 | _a158p. | ||
| 942 | _cBK | ||
| 999 |
_c44801 _d44801 |
||